[Event "29th Avoine Open 2014"]
[Site "Avoine FRA"]
[Date "2014.07.25"]
[Round "7.27"]
[White "Devallee, Jeremie"]
[Black "Louis-sidois, Charles"]
[Result "0-1"]
[WhiteElo "2169"]
[BlackElo "1946"]
[WhiteFideId "665240"]
[BlackFideId "20631570"]
[EventDate "2014.07.19"]

1. e4 g6 2. d4 Bg7 3. Nf3 c5 4. Bc4 cxd4 5. c3 dxc3 6. Nxc3 Nc6 7. e5 Nxe5 8.
Nxe5 Bxe5 9. Bxf7+ Kxf7 10. Qd5+ Kg7 11. Qxe5+ Nf6 12. O-O d6 13. Qe2 Bd7 14.
Re1 e5 15. Bg5 Bc6 16. b4 a6 17. a4 h6 18. Bh4 g5 19. Bg3 Qb6 20. Qb2 Rhc8 21.
Rad1 Rd8 22. h4 Nh5 23. hxg5 Nxg3 24. gxh6+ Kh8 25. a5 Qc7 26. fxg3 Rg8 27. Qf2
Raf8 28. Qe3 Rg6 29. Rd3 Qh7 30. Red1 Rxh6 0-1

[Event "29th Avoine Open 2014"]
[Site "Avoine FRA"]
[Date "2014.07.25"]
[Round "7.28"]
[White "Smith, Matthieu"]
[Black "Leriche, Ines"]
[Result "1/2-1/2"]
[WhiteElo "2159"]
[BlackElo "1901"]
[WhiteFideId "640689"]
[BlackFideId "684090"]
[EventDate "2014.07.19"]

1. d4 Nf6 2. c4 c5 3. d5 e6 4. Nc3 exd5 5. cxd5 d6 6. g3 g6 7. Bg2 Bg7 8. Nf3
O-O 9. O-O Nbd7 10. Nd2 Re8 11. a4 a6 12. Nc4 Ne5 13. Na3 Rb8 14. h3 Qe7 15. f4
Ned7 16. Re1 Nb6 17. e4 Nfxd5 18. Nxd5 Nxd5 19. Qxd5 Bd4+ 20. Kh2 Be6 21. Qg5
Bf6 22. Qh6 Bg7 23. Qh4 Bf6 1/2-1/2

[Event "29th Avoine Open 2014"]
[Site "Avoine FRA"]
[Date "2014.07.25"]
[Round "7.29"]
[White "Dubois, Pierre"]
[Black "Lukasiewicz, Krzysztof"]
[Result "0-1"]
[WhiteElo "2124"]
[BlackElo "1791"]
[WhiteFideId "673609"]
[BlackFideId "1166042"]
[EventDate "2014.07.19"]

1. e4 c6 2. d4 d5 3. Nc3 dxe4 4. Nxe4 Nd7 5. Bc4 Ngf6 6. Ng5 e6 7. Qe2 Nb6 8.
Bb3 Bd6 9. N1f3 O-O 10. O-O Nbd5 11. Ne5 c5 12. c3 Qc7 13. Bd2 b6 14. Rfe1 Bb7
15. h3 Rae8 16. Rac1 h6 17. Ngf3 Ba8 18. Bc2 Qb7 19. Qd3 cxd4 20. cxd4 Bb4 21.
Ng4 Bxd2 22. Qxd2 Nxg4 23. hxg4 Nf6 24. g5 hxg5 25. Qxg5 Qe7 26. Ne5 g6 27. Ba4
Nd5 28. Qh6 Rc8 29. Rxc8 Rxc8 30. Bd7 Rc2 31. Rc1 Rxc1+ 32. Qxc1 Bb7 33. Bc6 Qc7
34. Qc4 Bxc6 35. Qxc6 Qxc6 36. Nxc6 a6 37. Kf1 Kf8 38. Ne5 g5 39. Ke2 f6 40. Nc4
Ke7 41. g3 Kd7 42. a3 Kc6 43. Kd3 Nc7 44. Ne3 b5 45. b3 Kd6 46. a4 Kc6 47. Ke4
Ne8 48. g4 Nd6+ 49. Kd3 Ne8 50. f3 Nc7 51. Ke4 Ne8 52. d5+ exd5+ 53. Nxd5 Kc5
54. Nc3 bxa4 55. Nxa4+ Kb4 56. Kd3 Kxb3 57. Nc5+ Kb4 58. Ne4 a5 59. Nf2 Kb3 60.
Ne4 a4 61. Nd2+ Kb4 62. Kc2 Nd6 63. Nf1 Nc4 0-1

[Event "29th Avoine Open 2014"]
[Site "Avoine FRA"]
[Date "2014.07.25"]
[Round "7.30"]
[White "Chargelegue, Thomas"]
[Black "Rubino, William"]
[Result "1/2-1/2"]
[WhiteElo "1876"]
[BlackElo "2116"]
[WhiteFideId "36000426"]
[BlackFideId "631019"]
[EventDate "2014.07.19"]

1. e4 c5 2. Nf3 d6 3. d4 cxd4 4. Nxd4 Nf6 5. Nc3 a6 6. Be3 Ng4 7. Bg5 h6 8. Bh4
g5 9. Bg3 Bg7 10. Be2 h5 11. h4 gxh4 12. Bxh4 Nc6 13. Nb3 Nce5 14. Qd2 Ng6 15.
Bg5 Be6 16. f3 N4e5 17. Nd4 Qc7 18. O-O-O Nc4 19. Bxc4 Qxc4 20. Qd3 Qxd3 21.
Rxd3 Rc8 22. Nd5 Be5 23. Nf5 Bxd5 24. exd5 Bf4+ 25. Bxf4 Nxf4 26. Rd2 Kd7 27. g3
Ng6 1/2-1/2

[Event "29th Avoine Open 2014"]
[Site "Avoine FRA"]
[Date "2014.07.25"]
[Round "7.31"]
[White "Tomasi, Albert"]
[Black "Caille, Vincent"]
[Result "1/2-1/2"]
[WhiteElo "1846"]
[BlackElo "2113"]
[WhiteFideId "26063620"]
[BlackFideId "20681356"]
[EventDate "2014.07.19"]

1. e4 Nf6 2. e5 Nd5 3. d4 d6 4. Bc4 Nb6 5. Bb5+ c6 6. Bd3 d5 7. f4 e6 8. Nf3 c5
9. c3 Nc6 10. O-O Bd7 11. Be3 cxd4 12. cxd4 Rc8 13. Ng5 g6 14. a3 Ne7 15. Nd2 h5
16. Rc1 Nf5 17. Bxf5 exf5 18. e6 fxe6 19. Rxc8 Qxc8 20. Ndf3 Nc4 21. Re1 Be7 22.
Nh4 Bxg5 23. fxg5 Kf7 24. Bf4 Nxb2 25. Qe2 Nc4 26. Nf3 Rf8 27. Rc1 Bc6 28. Ne5+
Nxe5 29. Qxe5 Qd8 30. h3 Qe7 1/2-1/2

[Event "29th Avoine Open 2014"]
[Site "Avoine FRA"]
[Date "2014.07.25"]
[Round "7.33"]
[White "Afraoui, Anaelle"]
[Black "Marimoutou, Loic"]
[Result "1/2-1/2"]
[WhiteElo "1838"]
[BlackElo "2081"]
[WhiteFideId "20654383"]
[BlackFideId "26041510"]
[EventDate "2014.07.19"]

1. e4 c5 2. Nf3 a6 3. Nc3 e6 4. d4 cxd4 5. Nxd4 b5 6. Bd3 Bb7 7. O-O Bc5 8. Nb3
Be7 9. Bd2 d6 10. Qe2 Nf6 11. Rad1 O-O 12. a4 b4 13. Na2 a5 14. c3 bxc3 15. Nxc3
Nc6 16. Nb5 Qb6 17. Bc3 d5 18. exd5 Nxd5 19. Bxh7+ Kxh7 20. Qh5+ Kg8 21. Bxg7
Kxg7 22. Qg4+ Kf6 23. Nd2 Rg8 24. Ne4+ Ke5 25. Qh5+ f5 26. Rfe1 Rxg2+ 27. Kh1
Kf4 28. Kxg2 fxe4 29. Rxe4+ Kxe4 30. Qf3+ Ke5 31. Re1+ Ne3+ 32. Rxe3+ Qxe3 33.
Qxe3+ Kf5 34. Qf3+ Ke5 35. Qe3+ Kf5 36. Qf3+ Ke5 37. Qe3+ Kf5 1/2-1/2

[Event "29th Avoine Open 2014"]
[Site "Avoine FRA"]
[Date "2014.07.25"]
[Round "7.34"]
[White "Banat, Rayan"]
[Black "Le Borgne, Pierre"]
[Result "0-1"]
[WhiteElo "1683"]
[BlackElo "2280"]
[WhiteFideId "26023733"]
[BlackFideId "624799"]
[EventDate "2014.07.19"]

1. d4 d6 2. Nf3 f5 3. Bf4 Nf6 4. e3 g6 5. c4 Bg7 6. Nc3 O-O 7. Bd3 Nc6 8. O-O h6
9. h4 Ng4 10. d5 Nce5 11. Bxe5 dxe5 12. e4 e6 13. Qb3 Kh8 14. Rad1 Qe7 15. Rfe1
b6 16. dxe6 Bxe6 17. Nd5 Qc5 18. Re2 Rad8 19. Qc2 Qd6 20. Red2 c6 21. Nc3 f4 22.
Qa4 Qc7 23. b4 a6 24. Be2 b5 25. cxb5 axb5 26. Qc2 Bf6 27. Nd5 Qa7 28. Nxf6
Qxf2+ 29. Kh1 Ne3 30. Bd3 Nxc2 31. Rxf2 Nxb4 32. Nd5 cxd5 33. Nxe5 dxe4 34.
Nxg6+ Kg8 35. Nxf8 Nxd3 36. Nxe6 Nxf2+ 37. Kg1 Rxd1+ 38. Kxf2 Rd2+ 39. Kf1 Rxa2
40. Nxf4 b4 41. Ke1 b3 42. Kd1 Rf2 43. g3 b2 0-1

[Event "29th Avoine Open 2014"]
[Site "Avoine FRA"]
[Date "2014.07.25"]
[Round "7.35"]
[White "Gervasio, Ricardo"]
[Black "Eugene, Floryan"]
[Result "0-1"]
[WhiteElo "2281"]
[BlackElo "1948"]
[WhiteFideId "2104997"]
[BlackFideId "20694784"]
[EventDate "2014.07.19"]

1. d4 Nf6 2. Bg5 g6 3. Bxf6 exf6 4. e3 Bg7 5. h4 d6 6. h5 Nd7 7. Bc4 f5 8. Ne2
Nf6 9. Nd2 Bd7 10. Nf4 Qe7 11. c3 O-O-O 12. Qb3 g5 13. h6 gxf4 14. hxg7 Rhg8 15.
O-O-O fxe3 16. fxe3 Rxg7 17. Rde1 Ne4 18. Bd5 c6 19. Bxe4 fxe4 20. Qa3 Kb8 21.
Rh6 Bf5 22. Nc4 Be6 23. Na5 Qc7 24. c4 b6 25. Qc3 Rg6 26. Rxg6 fxg6 27. Nb3 Qf7
28. Nd2 Qf2 29. Rf1 Qxg2 30. d5 cxd5 31. Qf6 Re8 32. cxd5 Rc8+ 33. Kb1 Qxd2 0-1

[Event "29th Avoine Open 2014"]
[Site "Avoine FRA"]
[Date "2014.07.25"]
[Round "7.36"]
[White "Roussel, Glenn"]
[Black "Lukasiewicz, Grzegorz"]
[Result "1/2-1/2"]
[BlackTitle "IM"]
[WhiteElo "1930"]
[BlackElo "2265"]
[WhiteFideId "622443"]
[BlackFideId "1100866"]
[EventDate "2014.07.19"]

1. e4 c6 2. d4 d5 3. Nc3 g6 4. e5 Bg7 5. f4 Nh6 6. Nf3 Bg4 7. Be2 O-O 8. Be3 Qb6
9. Qd2 f6 10. h3 Bxf3 11. Bxf3 Nf5 12. Bf2 fxe5 13. fxe5 Bh6 14. Qd3 e6 15. g4
Ne7 16. Bh4 Rf7 17. Bf6 Na6 18. a3 c5 19. Qb5 cxd4 20. Qxb6 axb6 21. Nb5 Nc6 22.
O-O Bf4 23. Rae1 Nc5 24. g5 Be3+ 25. Kh1 1/2-1/2

[Event "29th Avoine Open 2014"]
[Site "Avoine FRA"]
[Date "2014.07.25"]
[Round "7.37"]
[White "Brehier, William"]
[Black "Ternault, Mathieu"]
[Result "0-1"]
[WhiteElo "1933"]
[BlackElo "2220"]
[WhiteFideId "678864"]
[BlackFideId "20641532"]
[EventDate "2014.07.19"]

1. e4 e6 2. d4 d5 3. Nc3 Bb4 4. e5 c5 5. Bd2 Ne7 6. Nb5 Bxd2+ 7. Qxd2 O-O 8. f4
cxd4 9. Nf3 Nbc6 10. Bd3 Bd7 11. Bxh7+ Kxh7 12. Ng5+ Kg8 13. Qd3 Nf5 14. g4 Nb4
15. Qh3 Nh6 16. Nxd4 Qb6 17. c3 Nc6 18. Qd3 g6 19. Qh3 Kg7 20. f5 Rh8 21. f6+
Kg8 22. O-O-O Nxd4 23. Rxd4 Nf5 24. Qxh8+ Kxh8 25. gxf5 Kg8 26. fxg6 fxg6 27.
Kb1 Rc8 28. Rf1 Bb5 29. Rf3 Be2 30. Rf2 Bg4 31. h4 Bf5+ 32. Rxf5 gxf5 33. h5 Qa6
34. f7+ Kg7 0-1

[Event "29th Avoine Open 2014"]
[Site "Avoine FRA"]
[Date "2014.07.25"]
[Round "7.38"]
[White "Ribeiro, Romain"]
[Black "Brard, Laurent"]
[Result "1-0"]
[WhiteElo "2204"]
[BlackElo "1882"]
[WhiteFideId "627275"]
[BlackFideId "26026015"]
[EventDate "2014.07.19"]

1. b3 d5 2. Bb2 c5 3. e3 Nc6 4. f4 Nf6 5. Nf3 Bg4 6. h3 Bd7 7. c4 e6 8. cxd5
exd5 9. Be2 Ne4 10. O-O Be7 11. Kh2 Bf6 12. Ne5 Nxe5 13. fxe5 Bh4 14. Bg4 O-O
15. Bxd7 Qxd7 16. d3 Bg3+ 17. Kg1 Ng5 18. Nd2 Qe7 19. d4 cxd4 20. exd4 Ne6 21.
Nf3 b5 22. Qd3 Rab8 23. Rac1 g5 24. Rc6 h5 25. Qf5 Ng7 26. Qxg5 1-0

[Event "29th Avoine Open 2014"]
[Site "Avoine FRA"]
[Date "2014.07.25"]
[Round "7.39"]
[White "Taille, Jean-Yves"]
[Black "Bizovi, Mihai"]
[Result "0-1"]
[WhiteElo "1916"]
[BlackElo "2157"]
[WhiteFideId "36006629"]
[BlackFideId "13903748"]
[EventDate "2014.07.19"]

1. e4 c5 2. Nf3 e6 3. d4 cxd4 4. Nxd4 Nc6 5. Nc3 Qc7 6. g3 a6 7. Bg2 d6 8. O-O
Bd7 9. Re1 Be7 10. a4 Nf6 11. Bg5 O-O 12. Nxc6 Bxc6 13. a5 Rac8 14. e5 dxe5 15.
Bxc6 Qxc6 16. Rxe5 Nd7 17. Bxe7 Nxe5 18. Bxf8 Kxf8 19. Ra4 f5 20. Qf1 Rd8 21.
Rb4 Nf3+ 22. Kh1 Rd2 23. Rb6 Qd7 24. Kg2 Ne5 25. Qe1 Ng4 26. Qxe6 Rxf2+ 27. Kg1
Qxe6 28. Rxe6 Rxh2 29. Rb6 Rxc2 30. Rxb7 Ne3 31. Rb6 Rg2+ 32. Kh1 Rxg3 33. Rxa6
f4 34. Rb6 f3 35. Ne4 Rg4 36. Nf2 Rg2 37. Rb3 Rxf2 38. Rxe3 Rxb2 39. Rxf3+ Ke7
40. Ra3 Rb7 41. Rh3 h6 42. Rh5 Rb1+ 43. Kg2 Ra1 44. Kg3 Ra4 45. Rb5 Kf7 46. Rb7+
Kg6 47. Rb6+ Kh5 48. a6 g5 49. Rc6 Ra3+ 50. Kg2 g4 51. Rc5+ Kh4 52. Rc6 Ra2+ 53.
Kg1 h5 54. Rb6 Kh3 55. Rg6 h4 0-1

[Event "29th Avoine Open 2014"]
[Site "Avoine FRA"]
[Date "2014.07.25"]
[Round "7.40"]
[White "Cau, Benjamin"]
[Black "Delinotte, Mathieu"]
[Result "0-1"]
[WhiteElo "2148"]
[BlackElo "1870"]
[WhiteFideId "621625"]
[BlackFideId "617296"]
[EventDate "2014.07.19"]

1. e4 c5 2. Nf3 g6 3. d4 cxd4 4. Nxd4 Bg7 5. c4 Nc6 6. Nb3 d6 7. Nc3 Be6 8. Be3
Nf6 9. Be2 Qc8 10. Rc1 Ne5 11. Nd2 O-O 12. b3 Nfg4 13. Bf4 f5 14. exf5 Bxf5 15.
Bxe5 Nxf2 16. Bxg7 Nxd1 17. Bxf8 Nxc3 18. Rxc3 Kxf8 19. O-O Qc5+ 20. Kh1 Qd4 21.
Rd3 Qe5 22. Bg4 Kg7 23. Rd5 Qxd5 24. cxd5 Bxg4 25. h3 Bd7 26. Re1 Kf8 27. Rf1+
Ke8 28. Ne4 h6 29. Re1 Kd8 30. Kg1 Rc8 31. Re2 Rc1+ 32. Kf2 Rd1 33. Nc3 Rd3 34.
Rc2 Bf5 35. Rc1 Rd2+ 36. Kf3 Kd7 37. g4 Rc2 38. Rxc2 Bxc2 39. Nb5 a6 40. Nd4 Bb1
41. a3 g5 42. b4 Bd3 43. a4 Ke8 44. a5 Kf7 45. Ne6 Kf6 46. Nd8 Ke5 47. Nf7+ Kxd5
48. Nxh6 Bg6 49. Kg3 e5 50. h4 gxh4+ 51. Kxh4 e4 52. Kg3 Kc4 53. Kf4 Kd3 54. Nf5
Bxf5 55. gxf5 e3 56. f6 e2 57. f7 e1=Q 58. f8=Q Qf1+ 0-1

[Event "29th Avoine Open 2014"]
[Site "Avoine FRA"]
[Date "2014.07.25"]
[Round "7.41"]
[White "El Fakkak, Radouan"]
[Black "Schmit, Vincent"]
[Result "1-0"]
[WhiteElo "1881"]
[BlackElo "2144"]
[WhiteFideId "20652321"]
[BlackFideId "20622430"]
[EventDate "2014.07.19"]

1. e4 e5 2. Nf3 Nc6 3. Bc4 Nf6 4. Ng5 d5 5. exd5 Na5 6. Bb5+ c6 7. dxc6 bxc6 8.
Qf3 Rb8 9. Be2 Bd6 10. Nc3 O-O 11. d3 Bc7 12. h4 c5 13. b3 Bb7 14. Qh3 Nc6 15.
Nb5 Ba5+ 16. Kf1 Nd4 17. Nxd4 Qxd4 18. Rb1 Qc3 19. Be3 Nd5 20. Rc1 Nb4 21. Qf5
g6 22. Qf6 Nd5 23. Qd6 Nxe3+ 24. fxe3 Qd2 25. Kf2 e4 26. Rhd1 Qc3 27. h5 Ba6 28.
h6 Rbe8 29. Rd2 Re6 30. Nxe6 fxe6+ 31. Ke1 Qf6 32. c3 Qf2+ 33. Kd1 Qf7 34. Bg4
Re8 1-0

[Event "29th Avoine Open 2014"]
[Site "Avoine FRA"]
[Date "2014.07.25"]
[Round "7.42"]
[White "Malassagne, Raphael"]
[Black "Oney, Remel"]
[Result "1-0"]
[WhiteElo "2138"]
[BlackElo "1798"]
[WhiteFideId "20666276"]
[BlackFideId "6310125"]
[EventDate "2014.07.19"]

1. d4 Nf6 2. Bf4 g6 3. Nc3 d5 4. Qd2 Bg7 5. f3 Nbd7 6. e4 Nb6 7. e5 Nfd7 8.
O-O-O O-O 9. h4 e6 10. Bh6 f6 11. Bxg7 Kxg7 12. h5 g5 13. h6+ Kh8 14. Rh5 Rg8
15. Nh3 Nc4 16. Bxc4 dxc4 17. g4 b6 18. Ne4 Bb7 19. Qe3 Bxe4 20. Qxe4 Qe8 21.
exf6 Nxf6 22. Qe5 Qe7 23. Nxg5 Raf8 24. Ne4 Rg6 25. g5 1-0

[Event "29th Avoine Open 2014"]
[Site "Avoine FRA"]
[Date "2014.07.25"]
[Round "7.43"]
[White "Travadon, Loic"]
[Black "Goupil, Arnaud"]
[Result "1/2-1/2"]
[WhiteElo "1892"]
[BlackElo "2126"]
[WhiteFideId "26092131"]
[BlackFideId "619248"]
[EventDate "2014.07.19"]

1. e4 c5 2. Nf3 e6 3. c3 d5 4. e5 Ne7 5. d4 Nec6 6. a3 a5 7. Bd3 b6 8. O-O Ba6
9. Be3 Be7 10. Bxa6 Rxa6 11. Qe2 a4 12. Nbd2 c4 13. Ne1 Na5 14. f4 g6 15. Rd1
Ra8 16. g3 Nbc6 17. Ng2 Qd7 18. Rf3 Nb3 19. Nf1 h5 20. h3 Kd8 21. Nh2 Kc7 22.
Rf2 Rh7 23. Nf3 Rah8 24. Ng5 Bxg5 25. fxg5 Ne7 26. Bf4 Nf5 27. Ne3 Na5 28. Rh2
Nc6 29. Nc2 Qd8 30. Kf2 h4 31. g4 Ng3 32. Qe3 Ne4+ 33. Kg2 Na5 34. Ne1 Qd7 35.
Nc2 Qb5 36. Nb4 Nc6 37. Ra1 Ra8 38. Qe2 Na5 39. Rhh1 Qd7 40. Raf1 Qd8 41. Qe3
Nc6 42. Nc2 Ra5 43. Rb1 Qe7 1/2-1/2

[Event "29th Avoine Open 2014"]
[Site "Avoine FRA"]
[Date "2014.07.25"]
[Round "7.44"]
[White "Favrel, Nicolas"]
[Black "Goettelmann, Guillaume"]
[Result "0-1"]
[WhiteElo "1786"]
[BlackElo "2119"]
[WhiteFideId "20683650"]
[BlackFideId "645818"]
[EventDate "2014.07.19"]

1. Nf3 Nf6 2. d4 g6 3. g3 Bg7 4. Bg2 d5 5. O-O O-O 6. c4 dxc4 7. Na3 c3 8. bxc3
c5 9. Qb3 Nc6 10. Nc4 cxd4 11. Rd1 Be6 12. Nxd4 Na5 13. Nxe6 Nxb3 14. Nxd8 Nxa1
15. Nxb7 Nc2 16. Rd2 Rac8 17. Nba5 Ne1 18. Bc6 Rfd8 19. Kf1 Rxd2 20. Nxd2 Nc2
21. Bb2 Ne8 22. Bxe8 Rxe8 23. Nac4 Rd8 24. e3 Nb4 25. cxb4 Bxb2 26. Ke2 Bc3 27.
b5 Bxd2 28. Nxd2 Kf8 29. Nb3 Ke8 30. Nd4 a6 31. a4 axb5 32. Nxb5 Kd7 33. Kd3
Kc6+ 34. Nd4+ Kb6 35. Ke4 Ra8 36. h4 Rxa4 37. h5 gxh5 38. Kf3 Kc5 39. Ne2 e5 40.
Nc3 Ra6 41. Ne4+ Kc4 42. Kg2 h6 43. Nd2+ Kd3 44. Nf3 Ra5 45. Nh4 e4 46. Kg1 Ke2
47. Kg2 Rb5 48. f3 Kxe3 49. fxe4 Rb2+ 50. Kh3 Kxe4 51. Ng2 Rxg2 52. Kxg2 Kf5 53.
Kf3 Kg5 0-1

[Event "29th Avoine Open 2014"]
[Site "Avoine FRA"]
[Date "2014.07.25"]
[Round "7.45"]
[White "Dutreuil, Raphael"]
[Black "Gomard, Jonathan"]
[Result "1-0"]
[WhiteElo "2118"]
[BlackElo "1788"]
[WhiteFideId "20630999"]
[BlackFideId "26030063"]
[EventDate "2014.07.19"]

1. d4 Nf6 2. c4 g6 3. Nc3 Bg7 4. e4 d6 5. f3 O-O 6. Be3 Na6 7. Qd2 c5 8. d5 Ne8
9. h4 h5 10. g4 Nf6 11. Bh6 hxg4 12. h5 gxf3 13. Nxf3 Ng4 14. Bxg7 Kxg7 15. Bh3
Rh8 16. Bxg4 Bxg4 17. h6+ Kf8 18. Ng5 e5 19. dxe6 Bxe6 20. O-O-O Nb4 21. Nxe6+
fxe6 22. Qf4+ Ke8 23. Nb5 1-0

[Event "29th Avoine Open 2014"]
[Site "Avoine FRA"]
[Date "2014.07.25"]
[Round "7.46"]
[White "Hacout, Francois"]
[Black "Deslias, Gregoire"]
[Result "1/2-1/2"]
[WhiteElo "1783"]
[BlackElo "2110"]
[WhiteFideId "20642474"]
[BlackFideId "602051"]
[EventDate "2014.07.19"]

1. d4 Nf6 2. Nf3 e6 3. e3 c5 4. Bd3 b6 5. b3 Bb7 6. Bb2 Nc6 7. O-O Rc8 8. a3 d5
9. Nbd2 Be7 10. Ne5 cxd4 11. exd4 Nxe5 12. dxe5 Nd7 13. b4 Qc7 14. Re1 g6 15.
Qg4 a5 16. Re3 h5 17. Qf4 g5 18. Qd4 Nb8 19. Bb5+ Bc6 20. Rc3 Qb7 21. Be2 Bd7
22. b5 Bc5 23. Qa4 Qc7 24. Rh3 h4 25. Rc1 Ke7 26. Qg4 Rcg8 27. Nf3 Ke8 28. Nxg5
Qd8 29. Nxf7 Rxg4 30. Nxd8 Rf4 31. Nb7 Rxf2 32. Nxc5 Rxe2 33. Nxd7 Nxd7 34. Kf1
Rd2 35. Bc3 Rf8+ 36. Kg1 Re2 37. Rxh4 Rff2 38. Rh8+ Kf7 39. Rh7+ Kg8 40. Rxd7
Rxg2+ 41. Kh1 1/2-1/2

[Event "29th Avoine Open 2014"]
[Site "Avoine FRA"]
[Date "2014.07.25"]
[Round "7.47"]
[White "Le Gallic, Renan"]
[Black "Grigorian, Roudolph"]
[Result "0-1"]
[WhiteElo "1779"]
[BlackElo "2107"]
[WhiteFideId "683841"]
[BlackFideId "675768"]
[EventDate "2014.07.19"]

1. d4 d5 2. c4 e6 3. Nf3 Nf6 4. Bg5 Be7 5. e3 O-O 6. Bd3 h6 7. Bh4 Ne4 8. Bxe7
Qxe7 9. Nbd2 Nxd2 10. Qxd2 dxc4 11. Bxc4 Nd7 12. Qc2 b6 13. O-O Bb7 14. e4 e5
15. d5 a5 16. Rfd1 Nc5 17. a3 a4 18. Nd2 c6 19. b4 axb3 20. Nxb3 Rfd8 21. Nxc5
Qxc5 22. Qb3 cxd5 23. Bxd5 Bxd5 24. Rxd5 Rxd5 25. Qxd5 Rxa3 26. Qd8+ Kh7 27. Rd1
Ra2 28. Rf1 Re2 29. Qd3 Rc2 30. Qf3 Qc7 31. Qe3 Rc3 32. Qd2 b5 33. h3 b4 34. Kh2
b3 35. Qd5 b2 36. Rb1 Rc2 37. f3 Re2 38. Qb3 Qc2 39. Qxc2 Rxc2 40. h4 g5 41. h5
Kg7 42. Kh3 Kf6 43. Kg3 Ke6 44. Kh3 f5 45. Kg3 fxe4 46. fxe4 Rc3+ 47. Kf2 Rb3
48. g4 Kd6 49. Ke2 Kc5 50. Kd2 Kd4 51. Kc2 Rb8 52. Rd1+ Kxe4 53. Kb1 Kf3 54. Rd6
Kxg4 55. Rxh6 e4 0-1

[Event "29th Avoine Open 2014"]
[Site "Avoine FRA"]
[Date "2014.07.25"]
[Round "7.48"]
[White "Vidal, Llewellyn"]
[Black "Palomar, Felix"]
[Result "1-0"]
[WhiteElo "2102"]
[BlackElo "1759"]
[WhiteFideId "20661347"]
[BlackFideId "657522"]
[EventDate "2014.07.19"]

1. Nf3 d5 2. c4 Nf6 3. cxd5 Nxd5 4. g3 g6 5. Bg2 Bg7 6. O-O O-O 7. Nc3 Nb6 8. d4
c6 9. h3 Na6 10. Rb1 Nc7 11. Qc2 Ncd5 12. Rd1 Bd7 13. e4 Nf6 14. b3 Qc8 15. Kh2
Re8 16. Be3 Be6 17. Rbc1 Nfd7 18. Qe2 Qd8 19. Ng5 Nf8 20. d5 cxd5 21. exd5 Bd7
22. Qf3 f6 23. Ne6 Nxe6 24. dxe6 Bc6 25. Rxd8 1-0

[Event "29th Avoine Open 2014"]
[Site "Avoine FRA"]
[Date "2014.07.25"]
[Round "7.49"]
[White "Batteux, Mickael"]
[Black "Oney, Fatmanur"]
[Result "1-0"]
[WhiteElo "2077"]
[BlackElo "1758"]
[WhiteFideId "644560"]
[BlackFideId "6301436"]
[EventDate "2014.07.19"]

1. d4 d5 2. Nf3 Nf6 3. g3 Bf5 4. Bg2 e6 5. O-O h6 6. c4 c6 7. Nc3 Nbd7 8. Nd2
Be7 9. e4 dxe4 10. Ndxe4 Nxe4 11. Nxe4 O-O 12. Be3 Nf6 13. Nc3 Qa5 14. a3 Rfd8
15. Qb3 Rd7 16. h3 Qc7 17. Rad1 Qb6 18. Qxb6 axb6 19. Rd2 Ra5 20. g4 Bg6 21.
Rfd1 Ra6 22. d5 exd5 23. cxd5 Nxd5 24. Nxd5 cxd5 25. Rxd5 Rxd5 26. Rxd5 Ra4 27.
Rb5 Bc5 28. Bxc5 bxc5 29. Rxc5 b6 30. Rb5 Ra6 31. Bb7 Ra5 32. Rxb6 h5 33. Rb4
Rc5 34. Be4 Bxe4 35. Rxe4 Rc2 36. Rb4 hxg4 37. hxg4 Kf8 38. Kg2 Ke7 39. a4 1-0

[Event "29th Avoine Open 2014"]
[Site "Avoine FRA"]
[Date "2014.07.25"]
[Round "7.50"]
[White "Jouhaneau, Jacques"]
[Black "Lukasiewicz, Anna"]
[Result "0-1"]
[WhiteElo "1741"]
[BlackElo "2062"]
[WhiteFideId "650439"]
[BlackFideId "1104756"]
[EventDate "2014.07.19"]

1. c4 Nf6 2. Nc3 g6 3. Nf3 Bg7 4. g3 d6 5. Bg2 O-O 6. O-O e5 7. d3 Nc6 8. a3 a5
9. e3 Bd7 10. Rb1 Qc8 11. b4 axb4 12. axb4 Bh3 13. b5 Nd8 14. Bb2 Bxg2 15. Kxg2
Ne6 16. Rh1 Nc5 17. e4 Qd7 18. Qe2 Ng4 19. h3 Nh6 20. Bc1 f5 21. Nd5 Nf7 22.
exf5 gxf5 23. Nh4 Nh8 24. Be3 Ng6 25. Nxg6 hxg6 26. f4 Na4 27. Bd2 c6 28. bxc6
bxc6 29. Nb6 Nxb6 30. Rxb6 Rfb8 31. Rhb1 Rxb6 32. Rxb6 Qc7 33. Rb1 Ra2 34. Kf1
c5 35. Qg2 e4 36. dxe4 fxe4 37. Ke1 Qe7 38. Rb3 Qe6 39. Qe2 Qxh3 40. Qxe4 Ra1+
41. Ke2 Qf1+ 42. Ke3 Bd4+ 43. Qxd4 cxd4+ 44. Kxd4 Rd1 45. Rd3 Qf2+ 46. Kc3 Qc5
47. Rd5 Qa3+ 48. Kc2 Ra1 49. Rd4 Ra2+ 50. Kd1 Qf3+ 51. Kc1 0-1

[Event "29th Avoine Open 2014"]
[Site "Avoine FRA"]
[Date "2014.07.26"]
[Round "8.1"]
[White "Castellanos Rodriguez, Renier"]
[Black "Lagarde, Maxime"]
[Result "1/2-1/2"]
[WhiteTitle "IM"]
[BlackTitle "GM"]
[WhiteElo "2479"]
[BlackElo "2521"]
[WhiteFideId "3404650"]
[BlackFideId "662399"]
[EventDate "2014.07.19"]

1. e4 c5 2. Nf3 d6 3. d4 cxd4 4. Nxd4 Nf6 5. Nc3 Nc6 6. Bg5 e6 7. Qd2 a6 8.
O-O-O Nxd4 9. Qxd4 Be7 10. f4 b5 11. Bxf6 gxf6 12. f5 Qc7 13. Kb1 Qc5 14. Qd2 h5
15. Bd3 Bb7 16. Rhf1 e5 17. Be2 Rc8 18. Qc1 Rg8 19. Bf3 a5 20. Nd5 b4 21. Rd2 h4
22. Qe1 a4 23. Qe2 a3 24. Rfd1 axb2 25. Qd3 Bxd5 26. Qxd5 Qxd5 27. Rxd5 Kd7 28.
Rb5 Rb8 29. Rxb8 Rxb8 30. Rd5 Bd8 31. Be2 Kc6 32. Kxb2 Bb6 33. Bb5+ Kc7 34. Kb3
Rg8 35. Rd2 Rg4 36. Re2 d5 37. Bd3 Bc5 38. exd5 Kd6 39. Re4 Rxg2 40. Rxh4 Rg1
41. Kc4 Bf2 1/2-1/2

[Event "29th Avoine Open 2014"]
[Site "Avoine FRA"]
[Date "2014.07.26"]
[Round "8.2"]
[White "Filip, Lucian"]
[Black "Belenkaya, Dina"]
[Result "1/2-1/2"]
[WhiteTitle "IM"]
[BlackTitle "WFM"]
[WhiteElo "2458"]
[BlackElo "2223"]
[WhiteFideId "1208900"]
[BlackFideId "24142654"]
[EventDate "2014.07.19"]

1. Nf3 d5 2. d4 c5 3. c4 cxd4 4. cxd5 Nf6 5. Nxd4 Nxd5 6. e4 Nf6 7. Nc3 e5 8.
Bb5+ Bd7 9. Bxd7+ Qxd7 10. Ndb5 a6 11. Qxd7+ Kxd7 12. Na3 Bxa3 13. bxa3 Nc6 14.
Bg5 Nd4 15. Bxf6 gxf6 16. O-O Rac8 17. Nd5 Ke6 18. Rab1 b5 19. a4 bxa4 20. Rb7
f5 1/2-1/2